Periodic Table Quiz - Hard - Statistics

General Stats
  • This quiz has been taken 23 times
  • The average score is 104 of 118
Answer Stats
# Answer % Correct
13 Aluminum
100%
95 Americium
100%
18 Argon
100%
33 Arsenic
100%
4 Beryllium
100%
5 Boron
100%
20 Calcium
100%
17 Chlorine
100%
27 Cobalt
100%
9 Fluorine
100%
32 Germanium
100%
79 Gold
100%
2 Helium
100%
1 Hydrogen
100%
53 Iodine
100%
26 Iron
100%
36 Krypton
100%
82 Lead
100%
3 Lithium
100%
12 Magnesium
100%
42 Molybdenum
100%
10 Neon
100%
7 Nitrogen
100%
8 Oxygen
100%
78 Platinum
100%
94 Plutonium
100%
86 Radon
100%
45 Rhodium
100%
21 Scandium
100%
47 Silver
100%
50 Tin
100%
92 Uranium
100%
23 Vanadium
100%
54 Xenon
100%
39 Yttrium
100%
56 Barium
92%
98 Californium
92%
6 Carbon
92%
55 Cesium
92%
29 Copper
92%
99 Einsteinium
92%
68 Erbium
92%
63 Europium
92%
49 Indium
92%
57 Lanthanum
92%
103 Lawrencium
92%
25 Manganese
92%
80 Mercury
92%
115 Moscovium
92%
118 Oganesson
92%
76 Osmium
92%
84 Polonium
92%
19 Potassium
92%
34 Selenium
92%
11 Sodium
92%
38 Strontium
92%
16 Sulfur
92%
117 Tennessine
92%
81 Thallium
92%
22 Titanium
92%
74 Tungsten
92%
70 Ytterbium
92%
30 Zinc
92%
40 Zirconium
92%
85 Astatine
83%
97 Berkelium
83%
83 Bismuth
83%
35 Bromine
83%
48 Cadmium
83%
58 Cerium
83%
24 Chromium
83%
105 Dubnium
83%
66 Dysprosium
83%
87 Francium
83%
64 Gadolinium
83%
31 Gallium
83%
67 Holmium
83%
101 Mendelevium
83%
60 Neodymium
83%
93 Neptunium
83%
28 Nickel
83%
41 Niobium
83%
15 Phosphorus
83%
88 Radium
83%
75 Rhenium
83%
111 Roentgenium
83%
37 Rubidium
83%
44 Ruthenium
83%
104 Rutherfordium
83%
106 Seaborgium
83%
14 Silicon
83%
73 Tantalum
83%
89 Actinium
75%
112 Copernicium
75%
96 Curium
75%
110 Darmstadtium
75%
100 Fermium
75%
114 Flerovium
75%
72 Hafnium
75%
77 Iridium
75%
71 Lutetium
75%
109 Meitnerium
75%
102 Nobelium
75%
46 Palladium
75%
59 Praseodymium
75%
61 Promethium
75%
62 Samarium
75%
43 Technetium
75%
52 Tellurium
75%
65 Terbium
75%
90 Thorium
75%
69 Thulium
75%
51 Antimony
67%
107 Bohrium
67%
116 Livermorium
67%
91 Protactinium
67%
108 Hassium
58%
113 Nihonium
50%
No matching quizzes found
Score Distribution
Percent of People with Each Score
Percentile by Number Answered
Your Score History
You have not taken this quiz